A Bibliography of Slavic Dictionaries

Bibliographic Details
Main Author: Lewanski, Richard C. (Author)
Format: Book
Language:Undetermined
PhysicalDescription:386 s.
Published: Italiano Istituto Informatico 1972

MARC

LEADER 00000nam a2200000 a 4500
001 vtls001388114
003 SK-MaSNL
005 20260301201649.0
008 240314s1972 xx 0 und
035 |a SNK000342333 
040 |a SNK  |b slo  |c SNK  |e AACR2 
100 1 |a Lewanski, Richard C.  |4 aut  |9 288227 
245 1 0 |a A Bibliography of Slavic Dictionaries 
260 |a Italiano  |b Istituto Informatico  |c 1972 
300 |a 386 s. 
958 |a OND 
999 |c 895749  |d 897679 
952 |t P60, <03>, [BOOK], {603}  |a SNK  |b SNK  |y PREZ  |7 0  |p 17A0238193  |o snkSC 35871/3  |0 0  |1 0  |4 0  |d 2000-05-03  |l 0  |r 2025-10-03 00:00:00  |w 2026-02-24